Loading...
| Science - Physics | 0 | 9 | 1 | 0 | 85 | 15 | 51.11 | 6 | 9 | 0.00 | 0.00 |
| Science - Chemistry | 0 | 8 | 1 | 1 | 75 | 11 | 50.88 | 7 | 8 | 0.00 | 0.00 |
| Social Science | 0 | 6 | 0 | 0 | 60 | 20 | 53.67 | 2 | 6 | 0.00 | 0.00 |
| Science - Biology | 0 | 6 | 0 | 0 | 60 | 60 | 69.00 | 2 | 4 | 0.00 | 0.00 |
| Literature - American | 0 | 5 | 0 | 0 | 50 | 25 | 67.60 | 4 | 4 | 0.00 | 0.00 |
| History - American | 0 | 5 | 0 | 1 | 50 | 41 | 79.40 | 3 | 4 | 0.00 | 0.00 |
| Current Events | 0 | 3 | 0 | 0 | 30 | 11 | 21.00 | 2 | 3 | 0.00 | 0.00 |
| Fine Arts - Classical Music | 0 | 3 | 0 | 0 | 30 | 31 | 50.33 | 2 | 3 | 0.00 | 0.00 |
| Fine Arts - Painting and Sculpture | 0 | 3 | 0 | 0 | 30 | 61 | 78.00 | 1 | 2 | 0.00 | 0.00 |
| History - European | 0 | 3 | 0 | 0 | 30 | 44 | 53.00 | 2 | 3 | 0.00 | 0.00 |
| History - World | 0 | 3 | 0 | 0 | 30 | 60 | 68.67 | 1 | 2 | 0.00 | 0.00 |
| Literature - European | 0 | 3 | 0 | 0 | 30 | 61 | 76.67 | 2 | 3 | 0.00 | 0.00 |
| Philosophy | 0 | 4 | 3 | 0 | 25 | 53 | 66.25 | 2 | 4 | 0.00 | 0.00 |
| Fine Arts - Other | 0 | 3 | 1 | 0 | 25 | 60 | 85.67 | 2 | 2 | 0.00 | 0.00 |
| Science - Other | 0 | 4 | 3 | 0 | 25 | 57 | 66.75 | 2 | 4 | 0.00 | 0.00 |
| Literature - British | 0 | 2 | 0 | 0 | 20 | 44 | 48.00 | 2 | 2 | 0.00 | 0.00 |
| Popular Culture | 0 | 2 | 0 | 0 | 20 | 83 | 90.50 | 1 | 1 | 0.00 | 0.00 |
| Religion | 0 | 2 | 0 | 0 | 20 | 28 | 37.50 | 2 | 2 | 0.00 | 0.00 |
| Geography | 0 | 1 | 0 | 1 | 10 | 124 | 124.00 | 0 | 0 | 0.00 | 0.00 |
| Other Academic | 0 | 1 | 0 | 0 | 10 | 67 | 67.00 | 1 | 1 | 0.00 | 0.00 |
| History - Other | 0 | 1 | 1 | 1 | 5 | 126 | 126.00 | 0 | 0 | 0.00 | 0.00 |